000 00777nam a2200253 i 4500
001 6203
003 ES-MaACL
005 20250724015100.0
007 t|
008 890825s1988 sp ||||1| spa d
020 _a84-404-3661-0
080 _a61(035.3)"17"
100 1 _aTissot, Samuel Auguste André David.
_9110344
245 1 0 _aAviso al pueblo acerca de su salud /
_cMr. Tissot.
250 _a[Ed. facs.].
260 _aMadrid :
_bV.A.R. Producciones Editoriales,
_c1988.
300 _a[32], 634 p. ;
_c22 cm.
500 _aEdicion facs. de la de 1761.
650 1 4 _aMedicina-
_vObras anteriores a 1800
_914912
655 7 _2tgfbne
_9226495
_aFacsĂ­miles
852 _aES-MaACL
_jL-13324
_bR.116715
_z. - piel
942 _2udc
999 _c6203
_d6203